Distribution du Corniaud (par image) - Statistiques

Statistiques générales
  • Ce quiz a été pris 20 fois
  • Le résultat moyen est 7 sur 16
Statistiques - réponses
Par images Hint Réponse % Correct
Antoine Maréchal Bourvil
100%
Léopold Saroyan Louis de Funès
100%
Elle-même (scène coupée au montage) Michèle Morgan
63%
Un douanier Michel Modo
50%
Un douanier Guy Grosso
44%
Le bègue Venantino Venantini
38%
Truand, complice du bègue Guy Delorme
31%
Martial Henri Génès
31%
Truand associé à Saroyan Henri Virlogeux
31%
Le porte-flingue de Saroyan Jean Droze
31%
Client du camping Robert Duranton
31%
Ursula Lampenberg Schausenberger Beba Lončar
25%
Le commissaire Jacques Ary
25%
Gina Alida Chelli
19%
Suzanne Annie Claparède
19%
Chauffeur de Saroyan Jacques Ferrière
19%
Aucun quiz correspondant
Distribution des résultats
% des personnes avec chaque résultat
Percentile par nombre de réponses
Votre historique - résultats
Vous n’avez pas pris ce quiz